Aegean metalwork of the early and middle bronze age /

Guardado en:
Autor Principal: Branigan, Keith.
Formato: Libro
Idioma:English
Publicado: London : Clarendon Press, 1974.
Etiquetas: Agregar Etiqueta
Sin Etiquetas, Sea el primero en etiquetar este registro!
LEADER 00468nam a22001455a 4500
001 EUN.um040821
003 AR-BaUNS
005 20050623122912.0
008 041125s1974####xxka##########000#0#eng#d
245 1 0 |a Aegean metalwork of the early and middle bronze age /  |c Keith Branigan. 
260 |a London :  |b Clarendon Press,  |c 1974. 
300 |a 216 p. :  |b ilus. ;  |c 28 cm. 
100 1 |a Branigan, Keith. 
082 0 4 |a 739.0939 
859 |a Ar-BaUNS  |b BIB. CENTRAL - Sector C  |h 739.0939  |i B734  |p 85366/980